000
00322nam a22001457a 4500
008
210224b ||||| |||| 00| 0 eng d
020
_a
9780205781737
041
_a
eng
080
_2
2nd
_a
37
082
_a
37
100
_a
25
101
_a
EDU
245
_a
The writer's world
_c
Gaetz, L & Phadke, S
942
_2
udc
_c
BK
999
_c
55149
_d
55149